Statistics for NBA All-Time PPG Leaders

Click here to take the quiz!

General Stats

  • This quiz has been taken 39 times
  • The average score is 31 of 50

Answer Stats

PPGPlayer% Correct
25.0Kobe Bryant
100%
30.1Michael Jordan
97%
27.0Jerry West
95%
27.2LeBron James
95%
23.7Shaquille O`neal
95%
24.8James Harden
92%
24.5Stephen Curry
92%
24.6Kareem Abdul-Jabbar
89%
27.3Kevin Durant
89%
30.1Wilt Chamberlain
89%
22.5Russell Westbrook
87%
24.3Larry Bird
82%
26.7Allen Iverson
79%
21.1David Robinson
76%
22.0Dwayne Wade
76%
25.0Karl Malone
76%
25.1Damian Lillard
74%
23.3Kyrie Irving
71%
24.0Anthony Davis
68%
21.8Hakeem Olajuwon
68%
22.0Julius Erving
68%
25.7Oscar Robertson
68%
22.1David Thompson
66%
27.4Elgin Baylor
66%
22.5Giannis Antetokounmpo
66%
21.0Patrick Ewing
63%
22.5Carmelo Anthony
61%
26.9Joel Embiid
61%
22.1Charles Barkley
58%
23.8Devin Booker
58%
21.5Alex English
53%
24.8Dominique Wilkins
53%
22.2Jason Tatum
53%
23.1George Mikan
47%
22.1Bob McAdoo
45%
26.4Bob Pettit
45%
21.0Elvin Hayes
42%
26.2George Gervin
42%
24.3Adrian Dantley
39%
22.5Bernard King
39%
22.1Bradley Beal
39%
23.2Rick Barry
39%
23.1Karl-Anthony Towns
37%
24.2Pete Maravich
34%
24.3Donovan Mitchell
32%
21.0DeMar DeRozan
29%
22.8Paul Arizin
26%
21.0Mitch Richmond
24%
20.8Billy Cunningham
21%
21.8Geoff Petrie
5%

Score Distribution

Percentile by Number Answered

Percent of People with Each Score

Your Score History

You have not taken this quiz